Código de justicia militar
Сохранить в:
| Формат: | |
|---|---|
| Язык: | испанский |
| Опубликовано: |
Santiago
LexisNexis
2005
|
| Редактирование: | 5a. ed |
| Предметы: | |
| Метки: |
Добавить метку
Нет меток, Требуется 1-ая метка записи!
|
MARC
| LEADER | 00000nam a2200000 a 4500 | ||
|---|---|---|---|
| 001 | UCK3883 | ||
| 003 | CL-VaPUC | ||
| 008 | 050513e20050000CL |||||||||||||||||spa|d | ||
| 020 | |a 9562384500 | ||
| 082 | 0 | 4 | |a 343.8301026 |b COD |2 21 |
| 245 | 1 | 0 | |a Código de justicia militar |
| 250 | |a 5a. ed | ||
| 300 | |a 277 p | ||
| 942 | |c BK | ||
| 945 | |d 20050513 00:00:00 |a cmena | ||
| 260 | |a Santiago |b LexisNexis |c 2005 | ||
| 500 | |a Incluye: Citas de jurisprudencia. Anotaciones y concordancias. Indice temático | ||
| 500 | |a Actualizada al 14 de enero de 2005 | ||
| 650 | 0 | |a Código de justicia militar |9 371893 | |
| 650 | 7 | |a DERECHO MILITAR CHILENO |2 CL-VaPUC |9 332484 | |
| 650 | 7 | |a TRIBUNALES MILITARES |2 CL-VaPUC |9 328495 | |
| 650 | 7 | |a PROCEDIMIENTO JUDICIAL |2 CL-VaPUC |9 492234 | |
| 650 | 0 | |a Penas |9 255927 | |
| 650 | 0 | |a Delitos |9 224143 | |
| 650 | 0 | |a Jurisprudencia |9 255952 | |
| 583 | |a last modification |c 20050513 00:00:00 |k Rodrigo Vera | ||
| 999 | |c 312933 |d 312931 | ||
| 952 | |0 0 |1 0 |2 ddc |4 0 |6 343_830102600000000_COD_2005 |7 0 |8 FOND_LRYV |9 383832 |a BIBDER |b BIBDER |d 2019-11-22 |i 4126076 |o 343.8301026 COD 2005 |p 4126076 |r 2023-01-25 |w 2019-11-22 |y BK_X |k DER | ||
| 952 | |0 0 |1 0 |2 ddc |4 0 |6 343_830102600000000_COD_2005 |7 0 |8 FOND_LRYV |9 383833 |a BIBDER |b BIBDER |d 2019-11-22 |i 4126084 |o 343.8301026 COD 2005 |p 4126084 |r 2023-01-25 |w 2019-11-22 |y BK_X |k DER | ||